BMC Nutrition

BMC Nutrition is an open access, peer-reviewed journal that considers articles on all aspects of nutritional sciences, including public health nutrition and global interventions, nutritional epidemiology, the biological underpinnings of nutrition in the body, clinical nutrition, health and nutrition...

Volledige beschrijving

Bewaard in:
Bibliografische gegevens
Coauteur: SpringerLink (Online service)
Formaat: Elektronisch Tijdschrift
Gepubliceerd in: London : BioMed Central : Imprint: BioMed Central.
Onderwerpen:
Online toegang:Open Access
Tags: Voeg label toe
Geen labels, Wees de eerste die dit record labelt!

MARC

LEADER 00000nas a22000005i 4500
001 2055-0928
003 DE-He213
005 20180511105622.0
007 cr nn 008mamaa
008 150723s||||||||xxkuu poo|||||| b|EN |d
022 |a 2055-0928 
024 7 |a 40795  |2 local 
210 1 0 |a BMC Nutr 
245 1 0 |a BMC Nutrition  |h [electronic resource]. 
264 1 |a London :  |b BioMed Central :  |b Imprint: BioMed Central. 
300 |b online resource. 
520 |a BMC Nutrition is an open access, peer-reviewed journal that considers articles on all aspects of nutritional sciences, including public health nutrition and global interventions, nutritional epidemiology, the biological underpinnings of nutrition in the body, clinical nutrition, health and nutrition throughout the lifecourse, and dietary supplementation for improvement in health and performance. The journal also welcomes papers on developments in nutritional research tools and novel technologies. 
650 0 |a Medicine. 
650 0 |a Public health. 
650 0 |a Health promotion. 
650 0 |a Clinical nutrition. 
650 1 4 |a Medicine & Public Health. 
650 2 4 |a Clinical Nutrition. 
650 2 4 |a Health Promotion and Disease Prevention. 
650 2 4 |a Public Health. 
710 2 |a SpringerLink (Online service) 
856 4 0 |u http://link.springer.com/journal/40795  |z Open Access 
950 |b Medicine 
999 |c 189751  |d 189751